Mycologie - Groupes - Statistiques

Statistiques générales
  • Ce quiz a été pris 11 fois
    8 depuis la dernière actualisation
  • Le résultat moyen est 6 sur 19
Statistiques - réponses
Par images Réponse % Correct
Lactaires
100%
Agarics
40%
Amanites
40%
Bolets
40%
Coprins
40%
Cortinaires
40%
Lépiotes
40%
Polypores
40%
Russulales
40%
Russules
40%
Agaricales
20%
Gastéromycètes
20%
Mycénoïdes
20%
Pleurotoïdes
20%
Tricholomatales
20%
Tricholomoïdes
20%
Clitocyboïdes
0%
Collybioïdes
0%
Plutées
0%
Aucun quiz correspondant
Distribution des résultats
% des personnes avec chaque résultat
Percentile par nombre de réponses
Votre historique - résultats
Vous n’avez pas pris ce quiz depuis la dernière actualisation